000 00681nam a2200253Ia 4500
003 OSt
005 20220924122547.0
006 a|||||r|||| 00| 0
007 ta
008 220923b |||||||| |||| 00| 0 ara d
024 _a322384
037 _cTextual
040 _aARTS
_cARTS
_bara
041 _2ara
_aara
082 _aR65,6:g, 168F7
100 _aParasad Mahaveer Au.
_9189927
245 0 _aSatt gyan prakash
260 _aLuckhnow
_bMunshi Naval Kishore India
_c1927
300 _a80p.
_ccm.
650 _a PHILOSOPHY
650 _aBHAGAVAD GITA
942 _hR65,6:g, 168F7
_cTEXL
_2CC
999 _c412141
_d412141